| 000 | 00606nam a2200229 a 4500 | ||
|---|---|---|---|
| 005 | 20140310183625.0 | ||
| 008 | 120910s19uu xx 00 eng d | ||
| 020 | _a9788183568951 | ||
| 050 |
_aG 155 _b.C592 2011 |
||
| 100 | _aClark, Alek. | ||
| 245 |
_aFood tourism / _cAlek Clark. |
||
| 250 | _a1st ed. | ||
| 260 |
_aNew Delhi, India : _bDiscovery Pub. House, _c2011. |
||
| 300 |
_a209 p. : _c24 cm. |
||
| 500 | _aIncludes index | ||
| 521 | _aTOU | ||
| 650 | _aTourism and gastronomy | ||
| 650 |
_aTourism and gastronomy _xIndia |
||
| 650 | _aFood | ||
| 942 |
_cBK _2lcc _kFOR |
||
| 999 |
_c25507 _d25507 |
||